La prudencia en la mujer

Guardat en:
Dades bibliogràfiques
Format: Llibre
Idioma:espanyol
Publicat: Santiago Universitaria 1956
Matèries:
Etiquetes: Afegir etiqueta
Sense etiquetes, Sigues el primer a etiquetar aquest registre!

MARC

LEADER 00000nam a2200000 a 4500
001 UCQ6151
003 CL-VaPUC
008 981009e19560000CL |||||||||||||||||spa|d
082 0 4 |a 862  |b TIR  |2 21 
245 1 3 |a La prudencia en la mujer 
246 1 3 |a El condenado por desconfiado 
300 |a 282 p 
942 |c BK 
945 |d 19981009 00:00:00  |a crobeson 
260 |a Santiago  |b Universitaria  |c 1956 
650 0 |a Dramas españoles  |9 267081 
650 0 |a Literatura española  |9 306261 
583 |a last modification  |c 19981009 00:00:00  |k Rodrigo Vera 
999 |c 276153  |d 276151 
952 |0 0  |1 0  |4 0  |6 862_000000000000000_TIR_1956  |7 0  |8 A  |9 313289  |a BIBEDU  |b BIBEDU  |d 2019-11-20  |i 147636K  |o 862 TIR 1956  |p 147636K  |r 2019-11-20  |w 2019-11-20  |y BK  |k LIT